000 01541cam a2200145 4500500
005 20251214005108.0
041 _afre
042 _adc
100 1 0 _aMartuccelli, Danilo
_eauthor
700 1 0 _ade Singly, François
_eauthor
245 0 0 _aL'individu et ses sociologies
260 _bArmand Colin,
_c2018.
520 _aDepuis l’entrée dans la modernité à la fin du XIXe siècle, et surtout depuis les années 1960, les individus doivent s’émanciper des liens hérités et faire la preuve de leurs qualités personnelles. Pour cela ils veulent avoir une certaine maîtrise de leur existence. En France – et aussi en Allemagne et dans les pays anglo-saxons – depuis trente ans, la force de ce processus d’individualisation est telle que bien des manières de penser la société et de pratiquer les sciences sociales sont remises en question. C’est pour cela qu’une pluralité de démarches cherche à rendre compte de processus d’individualisation et de ses conséquences. La sociologie doit relever les nombreux défis politiques, moraux ou méthodologiques qui en découlent. Sans éclectisme ni sectarisme, cette nouvelle édition, révisée et enrichie, présente l’espace des débats de ce qui constitue désormais le champ de la sociologie de l’individu. Elle démontre l’intérêt d’une des voies les plus prometteuses et originales de la sociologie française contemporaine.
856 4 1 _uhttps://shs.cairn.info/l-individu-et-ses-sociologies--9782200621667?lang=fr&redirect-ssocas=7080
999 _c1568661
_d1568661